Semana Santa Jerez 2024 - Estadísticas

Estadísticas generales
  • Esta prueba ha sido intentada 402 veces
  • La puntuación promedio es 37 de 47
Estadísticas de respuestas
Sábado de Pasión % Correcto
La Borriquita
98%
El Prendimiento
94%
El Nazareno
91%
La Cena
91%
La Esperanza de la Yedra
91%
La Resurrección
90%
El Amor
89%
Las Viñas
89%
La Oración en el Huerto
88%
La Soledad
88%
Las Tres Caidas
88%
Los Judíos de San Mateo
88%
El Cristo
87%
La Piedad
87%
La Amargura
84%
La Entrega
84%
La Pasión
84%
Santa Marta
84%
El Transporte
82%
La Viga
80%
La Candelaria
79%
La Coronación
78%
Las Angustias
78%
La Sed
78%
La Vera Cruz
78%
El Perdón
77%
El Soberano Poder
77%
La Buena Muerte
77%
La Paz de Fátima
76%
La Lanzada
75%
La Mortaja
75%
El Mayor Dolor
73%
Humildad y Paciencia
73%
La Misión
73%
La Salud de San Rafael
71%
Bondad y Misericordia
70%
El Loreto
68%
La Redención
68%
El Consuelo del Peliron
67%
La Defension
67%
El Santo Crucifijo
66%
La Clemencia
66%
Las Cinco Llagas
66%
La Humildad de Barbadillo
65%
Amor y Sacrificio
64%
La Salvación
61%
Sacramental de Santiago
59%
No se encontraron pruebas coincidentes
Distribución de puntuación
Porcentaje de gente con cada puntuación
Porcentaje por número respondido
Historial de tus puntuaciones
No has intentado esta prueba.